| 000 | 00927nmm a2200289 a 4500 | ||
|---|---|---|---|
| 001 | ocm0002146723 | ||
| 003 | TR-IsHL | ||
| 005 | 20201028183502.0 | ||
| 008 | 190408s2018 tu tur | ||
| 007 | cr cn | ||
| 020 | _a9786057533050 | ||
| 035 |
_a2146723 _b(N$T) |
||
| 050 | 0 | 4 |
_aPL248.A544 _bM3 2018 |
| 090 | 0 | 4 |
_aPL248.A544 _bM3 2018 |
| 100 | 1 | _aAkdeniz, Ayşegül | |
| 245 | 1 | 0 |
_aMahzun yürekler _h[electronic resource] / _cAyşegül Akdeniz ; editör M. Erol Kuloğlu |
| 250 | _a4. Baskı | ||
| 260 |
_aİstanbul : _bAhir Zaman Yayınları, _c2018 |
||
| 300 | _a191 p. | ||
| 650 | 4 | _aDil ve Edebiyat | |
| 650 | 4 | _aLanguage and Literature | |
| 650 | 0 | _aTürk romanı | |
| 650 | 0 | _aTurkish fiction | |
| 650 | 7 |
_aLITERARY COLLECTIONS / Middle Eastern _2bisacsh |
|
| 700 | 1 | _aKuloğlu, M. Erol | |
| 856 | 4 | 0 | _uhttp://search.ebscohost.com/login.aspx?direct=true&scope=site&db=e011xww&AN=2146723 |
| 999 |
_c20562 _d20562 |
||